Making sense of leadership (Record no. 108131)

MARC details
000 -LEADER
fixed length control field 00992cam a22002295a 4500
001 - CONTROL NUMBER
control field L143346
008 - FIXED-LENGTH DATA ELEMENTS--GENERAL INFORMATION
fixed length control field 080428s2008 xxk f 000 0 eng d
020 ## - INTERNATIONAL STANDARD BOOK NUMBER
International Standard Book Number 9780749450397
035 ## - SYSTEM CONTROL NUMBER
System control number (Sirsi) u143346
041 0# - LANGUAGE CODE
Language code of text/sound track or separate title eng
050 04 - LIBRARY OF CONGRESS CALL NUMBER
Classification number 658.4 $2 18
100 1# - MAIN ENTRY--PERSONAL NAME
Personal name Cameron, Esther
245 00 - TITLE STATEMENT
Title Making sense of leadership
Remainder of title exploring the five key roles used by effective leaders
260 ## - PUBLICATION, DISTRIBUTION, ETC.
Place of publication, distribution, etc. London
Name of publisher, distributor, etc. Kogan Page
Date of publication, distribution, etc. 2008
350 ## - PRICE (NR) (BK AM CF MU VM SE) [OBSOLETE]
Price 19.99
520 ## - SUMMARY, ETC.
Summary, etc. The authors identify five roles of successful leaders: The Edgy Catalyser, who asks difficult questions; The Visionary Motivator energising people to success; The Measured Connector enabling purposeful connections between people; The Tenacious Implementer tirelessly pursuing the plan; and The Thoughtful Architect who crafts complex ideas into an understandable direction.
590 ## - LOCAL NOTE (RLIN)
Local note KA
590 ## - LOCAL NOTE (RLIN)
Local note KA
690 ## - LOCAL SUBJECT ADDED ENTRY--TOPICAL TERM (OCLC, RLIN)
Topical term or geographic name as entry element MANAGEMENT-BUSINESS MANAGEMENT-HUMAN RESOURCE MANAGEMENT-LEADERSHIP
700 1# - ADDED ENTRY--PERSONAL NAME
Personal name Green, Mike
942 ## - ADDED ENTRY ELEMENTS (KOHA)
Suppress in OPAC 0
Holdings
Withdrawn status Lost status Source of classification or shelving scheme Damaged status Not for loan Home library Current library Shelving location Date acquired Cost, normal purchase price Total Checkouts Full call number Barcode Date last seen Date last checked out Copy number Cost, replacement price Price effective from Koha item type
    Dewey Decimal Classification     London London Books 02/09/2008 19.99 2 658.4 CAM 30074881 06/08/2019 26/11/2009 1 19.99 06/08/2019 Book